The prisoners vindication : with a sober expostulation and reprehension of persecutors /

Bibliographic Details
Main Author: Gratton, John, 1641-1712
Format: eBook
Language:English
Published: London : Printed and sold by Andrew Sowle, 1683.
Series:Early English books online.
Subjects:
Online Access:Connect to the full text of this electronic book

MARC

Tag First Indicator Second Indicator Subfields
LEADER 00000nam a2200000Ia 4500
001 in00004311921
005 20200812084028.0
006 m g d
007 cr bn |||a|bb|
008 840124s1683 enk o 00| | eng d
035 |a (OCoLC)10334258 
040 |a UMI  |c UMI  |d m/c  |d UMI  |d WaOLN 
037 |a CL0037000047  |b ProQuest Information and Learning. 300 N. Zeeb Rd., Ann Arbor, MI 48106 
043 |a e-uk-en 
090 |a BX7733  |b .G73 
049 |a UMIA 
100 1 |a Gratton, John,  |d 1641-1712. 
245 1 4 |a The prisoners vindication :  |b with a sober expostulation and reprehension of persecutors /  |c by John Gratton. 
260 |a London :  |b Printed and sold by Andrew Sowle,  |c 1683. 
300 |a 1 online resource (32 pages) 
336 |a text  |b txt  |2 rdacontent 
337 |a computer  |b c  |2 rdamedia 
338 |a online resource  |b cr  |2 rdacarrier 
500 |a Reproduction of original in the Harvard University Library. 
510 4 |a Wing  |c G1585B. 
533 |a Electronic reproduction.  |b Ann Arbor, Mich. :  |c UMI,  |d 1999-  |f (Early English books online)  |n Digital version of: (Early English books, 1641-1700 ; 1385:7)  |7 s1999 miun s 
650 0 |a Society of Friends  |v Apologetic works. 
650 0 |a Freedom of religion  |z England. 
830 0 |a Early English books online. 
856 4 0 |u http://proxy.library.tamu.edu/login?url=https://search.proquest.com/docview/2248495173  |z Connect to the full text of this electronic book  |t 0 
999 f f |s 420e4b4e-e62c-3047-a0f7-038a82e7a6fb  |i 727172d7-6d74-388a-bb2b-9045a932a469  |t 0 
952 f f |a Texas A&M University  |b College Station  |c Electronic Resources  |d Available Online  |t 0  |e BX7733 .G73  |h Library of Congress classification 
998 f f |a BX7733 .G73  |t 0  |l Available Online